Návrh zlepšení a metód na vyhodnotenie vzťahu medzi kvalitou a cenou

Saved in:
Bibliographic Details
Main Author: Mošať, Miroslav
Format: Book Chapter
Language:Slovak
Tags: Add Tag
No Tags, Be the first to tag this record!

MARC

LEADER 00000nla$a2200000$$$4500
001 0145270
005 20240502072619.1
041 0 |a slo 
044 |a SK 
245 1 0 |a Návrh zlepšení a metód na vyhodnotenie vzťahu medzi kvalitou a cenou  |c Miroslav Mošať 
100 1 |a Mošať, Miroslav